| 000 | 00867cam a2200241 a 4500 | ||
|---|---|---|---|
| 001 | 000013027 | ||
| 005 | 20200929163127.0 | ||
| 008 | 000321s1984 pr a 000 0dspa | ||
| 040 |
_aDO-SdBNP _bspa _cDLC _dBNPHU |
||
| 082 |
_a917.295 _bD542h, 1984 |
||
| 100 | 1 |
_aDíaz Montero, Aníbal _d1911- _920187 |
|
| 245 | 1 | 0 |
_aHablando con ellos : _bentrevistas / _cAníbal Díaz Montero ; prólogo Miguel Serrano Hernández. |
| 250 | _a11a ed. | ||
| 260 |
_aSanturce, Puerto Rico : _bEditorial Diaz Mont, _c1984. |
||
| 300 |
_a126 p. : _bil. ; _c22 cm. |
||
| 651 | 4 |
_aPuerto Rico _xOcupaciones _xHistoria _930078 |
|
| 651 | 4 |
_aPuerto Rico _xVida Social Y Costumbres _99074 |
|
| 651 | 4 |
_aPuerto Rico _vANECDOTAS _930079 |
|
| 650 | 4 |
_aEntrevistas _zPuerto Rico _930080 |
|
| 700 | 1 |
_aSerrano Hernández, Miguel _epról. _930081 |
|
| 910 | _aCatalogación derivada | ||
| 049 | _aBNGR | ||
| 999 |
_c12673 _d12673 |
||